00316 a2200073 4500040000800000082002600008100006000034245014800094 cDDC a333 FAO 2019 A042 Or. aFood and Agriculture Organization of the United Nations aForest futures: sustainable pathways for forests, landscapes and people in the Asia-Pacific region Asia-Pacific forest sector outlook study III